[Event "49th Ilmar Raud Memorial"]
[Site "Viljandi"]
[Date "2015.06.30"]
[Round "3.12"]
[White "Shishkov, Andrei"]
[Black "Teemae, Leo"]
[Result "1-0"]
[WhiteElo "2387"]
[BlackElo "1970"]
[PlyCount "47"]
[EventDate "2015.??.??"]
[EventCountry "EST"]

1. d4 Nf6 2. c4 e6 3. Nc3 Bb4 4. Qc2 O-O 5. e4 Bxc3+ 6. bxc3 d6 7. Bd3 Nc6 8.
Ne2 e5 9. O-O Nh5 10. f4 f6 11. h3 g5 12. fxg5 fxg5 13. Rxf8+ Kxf8 14. h4 h6
15. hxg5 hxg5 16. d5 Na5 17. Be3 b6 18. Qd2 Nf4 19. Rf1 Kg7 20. Nxf4 gxf4 21.
Bxf4 Bg4 22. Bh6+ Kg6 23. Rf8 Qxf8 24. Qg5+ 1-0

[Event "49th Ilmar Raud Memorial"]
[Site "Viljandi"]
[Date "2015.06.30"]
[Round "3.13"]
[White "Narva, Regina"]
[Black "Lauk, Ular"]
[Result "1/2-1/2"]
[WhiteElo "2007"]
[BlackElo "2383"]
[PlyCount "38"]
[EventDate "2015.??.??"]
[EventCountry "EST"]

1. e4 c5 2. Nf3 d6 3. Nc3 Nf6 4. d4 cxd4 5. Nxd4 Nc6 6. Nde2 e6 7. g3 Be7 8.
Bg2 O-O 9. O-O a6 10. h3 Qc7 11. g4 b5 12. a3 Bb7 13. Ng3 Rac8 14. Kh2 h6 15.
f4 Nd7 16. g5 hxg5 17. fxg5 Nce5 18. Qh5 g6 19. Qh6 Rfe8 1/2-1/2

[Event "49th Ilmar Raud Memorial"]
[Site "Viljandi"]
[Date "2015.06.30"]
[Round "3.14"]
[White "Soskov, Vjacheslav"]
[Black "Lumiste, Rene"]
[Result "1/2-1/2"]
[WhiteElo "2289"]
[BlackElo "1889"]
[PlyCount "145"]
[EventDate "2015.??.??"]
[EventCountry "EST"]

1. e4 c5 2. Nf3 e6 3. d4 cxd4 4. Nxd4 Nc6 5. Nc3 Nf6 6. g3 d5 7. exd5 Nxd5 8.
Nxc6 bxc6 9. Bg2 Ba6 10. Ne2 Qb6 11. c3 Be7 12. O-O Rd8 13. Qc2 O-O 14. Rd1 c5
15. Nf4 Bb7 16. Qb3 Nxf4 17. Bxf4 Bxg2 18. Qxb6 axb6 19. Kxg2 Rxd1 20. Rxd1 Rd8
21. Rxd8+ Bxd8 22. Bd6 f6 23. Kf3 Kf7 24. Ke4 Ke8 25. g4 g6 26. f3 Kd7 27. Bg3
Ke7 28. a4 f5+ 29. Kd3 Kd7 30. Kc4 Kc6 31. Be5 Bh4 32. h3 Be7 33. b4 cxb4 34.
cxb4 Bd8 35. Bc3 fxg4 36. fxg4 h5 37. Kd4 hxg4 38. hxg4 Bf6+ 39. Kd3 Bd8 40.
Ke4 Bc7 41. Bd2 Bd6 42. Kd4 Bc7 43. Kc4 Bb8 44. Bc3 Bd6 45. b5+ Kd7 46. a5 bxa5
47. Bxa5 Bg3 48. Bc3 Kc7 49. Bd4 Kb7 50. Kd3 Bd6 51. Ke4 Bg3 52. Be5 Bh4 53.
Bd6 Kb6 54. Ke5 Kxb5 55. Kxe6 Kc4 56. Be7 Bg3 57. Kf6 Kd5 58. Kxg6 Ke4 59. Kh5
Bf4 60. Bg5 Bd6 61. Kg6 Bg3 62. Bd2 Bh4 63. Bc1 Be7 64. Bg5 Bd6 65. Kf6 Be7+
66. Kg6 Bd6 67. Bd8 Bg3 68. Kg5 Bf4+ 69. Kf6 Bg3 70. g5 Bh4 71. Ke7 Kf5 72. Ke8
Bxg5 73. Bxg5 1/2-1/2

[Event "49th Ilmar Raud Memorial"]
[Site "Viljandi"]
[Date "2015.06.30"]
[Round "3.15"]
[White "Garanin, Aleksei"]
[Black "Vovk, Ilja"]
[Result "1-0"]
[WhiteElo "1902"]
[BlackElo "2283"]
[PlyCount "89"]
[EventDate "2015.??.??"]
[EventCountry "EST"]

1. e4 g6 2. d4 Bg7 3. Nc3 d6 4. f4 Nf6 5. Nf3 O-O 6. e5 dxe5 7. dxe5 Qxd1+ 8.
Kxd1 Ng4 9. Ke1 c6 10. h3 Nh6 11. g4 f6 12. Bc4+ Kh8 13. Be3 Na6 14. e6 Nc7 15.
Nd4 b5 16. Bb3 a6 17. Ne4 f5 18. Nc5 fxg4 19. Ke2 g3 20. Rad1 a5 21. a3 a4 22.
Ba2 Nd5 23. Bxd5 cxd5 24. c3 Ba6 25. Kf3 Rfc8 26. Nd7 Rc7 27. Kxg3 Ng8 28. h4
Nf6 29. Nxf6 Bxf6 30. h5 Rg8 31. hxg6 Rxg6+ 32. Kf3 Rc8 33. Rh3 Rcg8 34. Rdh1
Kg7 35. f5 Rf8 36. Rxh7+ Kg8 37. fxg6 Bxd4+ 38. Bf4 Bg7 39. Kg4 Rc8 40. Bh6 Bf6
41. Bg5 Bg7 42. Be3 Rc6 43. Bd4 Bxd4 44. cxd4 Rxe6 45. Kg5 1-0

[Event "49th Ilmar Raud Memorial"]
[Site "Viljandi"]
[Date "2015.06.30"]
[Round "3.16"]
[White "Ivanov, Platon-Jaan"]
[Black "Narva, Mai"]
[Result "1/2-1/2"]
[WhiteElo "1853"]
[BlackElo "2252"]
[PlyCount "43"]
[EventDate "2015.??.??"]
[EventCountry "EST"]

1. d4 Nf6 2. Nf3 d5 3. c4 e6 4. Nc3 Be7 5. Bf4 O-O 6. e3 b6 7. Bd3 Bb7 8. O-O
c5 9. Qe2 Nc6 10. cxd5 Nxd5 11. Nxd5 Qxd5 12. dxc5 Bxc5 13. Rfd1 Qh5 14. Ne5
Qxe2 15. Bxe2 Nxe5 16. Bxe5 Rfd8 17. h3 Kf8 18. Rac1 Bd5 19. Bf3 Bxf3 20. gxf3
f6 21. Bc3 Ke7 22. Kf1 1/2-1/2

[Event "49th Ilmar Raud Memorial"]
[Site "Viljandi"]
[Date "2015.06.30"]
[Round "3.17"]
[White "Ruus, Rein"]
[Black "Vorobjov, Pavel"]
[Result "0-1"]
[WhiteElo "1782"]
[BlackElo "2201"]
[PlyCount "36"]
[EventDate "2015.??.??"]
[EventCountry "EST"]

1. e4 c5 2. Nf3 d6 3. d4 cxd4 4. Nxd4 Nf6 5. Nc3 g6 6. Be3 Bg7 7. Bb5+ Nbd7 8.
f4 O-O 9. O-O a6 10. Be2 Qc7 11. f5 b5 12. a3 Bb7 13. fxg6 hxg6 14. Bd3 Ne5 15.
h3 Nc4 16. Qc1 Nxe3 17. Qxe3 Qc5 18. Rae1 Ng4 0-1

[Event "49th Ilmar Raud Memorial"]
[Site "Viljandi"]
[Date "2015.06.30"]
[Round "3.18"]
[White "Sirp, Karl Aleksander"]
[Black "Soot, Margus"]
[Result "0-1"]
[WhiteElo "1767"]
[BlackElo "2101"]
[PlyCount "106"]
[EventDate "2015.??.??"]
[EventCountry "EST"]

1. d4 Nf6 2. Nf3 e6 3. Bg5 Be7 4. e3 b6 5. Bd3 Bb7 6. O-O Ne4 7. Bf4 O-O 8. c4
f5 9. h3 d6 10. Qc2 Nd7 11. Nbd2 Nxd2 12. Nxd2 e5 13. Bh2 e4 14. Be2 Nf6 15. d5
Nd7 16. Nb3 Bf6 17. Rad1 Be5 18. Nd4 Bxd4 19. Rxd4 a5 20. f3 Nc5 21. fxe4 fxe4
22. Rf4 Rxf4 23. Bxf4 Qh4 24. Kh2 Rf8 25. a3 a4 26. Bg4 Bc8 27. Be2 Bf5 28. Rd1
Bg6 29. Rf1 Qe7 30. Qd1 h6 31. Qe1 Nd3 32. Bxd3 exd3 33. Qd2 Be4 34. Rf2 Rf6
35. Bg3 Rg6 36. Rf4 Kh7 37. Qf2 Qe5 38. Rg4 Rxg4 39. Bxe5 Rxg2+ 40. Qxg2 Bxg2
41. Bc3 Bf1 42. Bd2 Kg6 43. Kg3 Kf5 44. h4 Ke4 45. Kf2 Be2 46. Bc3 g5 47. hxg5
hxg5 48. Bf6 g4 49. Bh4 Bd1 50. Ke1 Bb3 51. c5 bxc5 52. Kd2 Bxd5 53. Bf2 Kf3
0-1

[Event "49th Ilmar Raud Memorial"]
[Site "Viljandi"]
[Date "2015.06.30"]
[Round "3.19"]
[White "Dragun, Valentin"]
[Black "Raudsepp, Teet"]
[Result "1-0"]
[WhiteElo "2099"]
[BlackElo "1775"]
[PlyCount "59"]
[EventDate "2015.??.??"]
[EventCountry "EST"]

1. e4 e6 2. d3 Ne7 3. Nd2 Ng6 4. g3 b6 5. h4 Bb7 6. Bg2 h6 7. Ngf3 d5 8. h5 Ne7
9. Qe2 Nd7 10. b3 c5 11. Bb2 Qc7 12. exd5 exd5 13. Ne5 f6 14. Nxd7 Qxd7 15. Bh3
Qd6 16. d4 cxd4 17. O-O-O Bc8 18. Bg2 Bf5 19. Nf3 d3 20. cxd3 Kf7 21. Nd4 Bd7
22. Qf3 Rd8 23. Rhe1 Rg8 24. Nc2 Qc7 25. Kb1 Qc8 26. Qe3 Bg4 27. Rc1 Qd7 28.
Nd4 Nf5 29. Qf4 Nxd4 30. Rc7 1-0

[Event "49th Ilmar Raud Memorial"]
[Site "Viljandi"]
[Date "2015.06.30"]
[Round "3.20"]
[White "Pedoson, Georg Aleksander"]
[Black "Haavamae, Henrik"]
[Result "0-1"]
[WhiteElo "1685"]
[BlackElo "2055"]
[PlyCount "94"]
[EventDate "2015.??.??"]
[EventCountry "EST"]

1. c4 Nf6 2. Nf3 e6 3. g3 d5 4. Bg2 dxc4 5. Qa4+ Nbd7 6. Qxc4 a6 7. Qc2 c5 8.
O-O b5 9. d3 Bb7 10. Nc3 Be7 11. b3 O-O 12. Bb2 Rc8 13. Rac1 Nb6 14. Rfd1 Qc7
15. e4 Rfd8 16. Ne1 Ng4 17. Ne2 h5 18. h3 Nf6 19. f4 Qb8 20. Kh1 Qa8 21. Qb1
Rd7 22. Be5 Rdd8 23. Ba1 Nbd7 24. Nc3 Nf8 25. e5 Nd5 26. Nxd5 Bxd5 27. Kh2 h4
28. gxh4 Ng6 29. Bxd5 Qxd5 30. Ng2 Bxh4 31. d4 c4 32. f5 exf5 33. Qxf5 Be7 34.
Ne3 Qb7 35. Rf1 Ba3 36. Rcd1 c3 37. e6 c2 38. Nxc2 Qc7+ 39. Kg1 Qxc2 40. Qxf7+
Kh7 41. d5 Bc5+ 42. Kh1 Rg8 43. Qf3 Rgf8 44. Qh5+ Kg8 45. Bxg7 Qe4+ 46. Kh2
Bd6+ 47. Kg1 Bh2+ 0-1

[Event "49th Ilmar Raud Memorial"]
[Site "Viljandi"]
[Date "2015.07.01"]
[Round "4.1"]
[White "Miezis, Normunds"]
[Black "Aleksandrov, Aleksej"]
[Result "0-1"]
[WhiteElo "2508"]
[BlackElo "2607"]
[PlyCount "52"]
[EventDate "2015.??.??"]
[EventCountry "EST"]

1. c4 e6 2. e4 d5 3. exd5 exd5 4. d4 Nf6 5. Nf3 Be7 6. Be2 Be6 7. Nc3 dxc4 8.
Ng5 Bd5 9. Nxd5 Nxd5 10. Ne4 Nc6 11. O-O O-O 12. Be3 b5 13. a4 a6 14. Nc3 Nxe3
15. fxe3 Rb8 16. axb5 axb5 17. Rf5 Bg5 18. Rd5 Bxe3+ 19. Kh1 Qf6 20. Ra6 Ra8
21. Rxa8 Rxa8 22. Nxb5 Qf2 23. Nc3 Bxd4 24. g4 Be5 25. Qg1 Ra1 26. Bd1 Qxb2 0-1

[Event "49th Ilmar Raud Memorial"]
[Site "Viljandi"]
[Date "2015.07.01"]
[Round "4.2"]
[White "Neiksans, Arturs"]
[Black "Kveinys, Aloyzas"]
[Result "1-0"]
[WhiteElo "2600"]
[BlackElo "2486"]
[PlyCount "107"]
[EventDate "2015.??.??"]
[EventCountry "EST"]

1. b3 Nf6 2. Bb2 g6 3. c4 Bg7 4. g3 O-O 5. Bg2 d6 6. d4 c5 7. Nf3 Qa5+ 8. Bc3
Qc7 9. O-O cxd4 10. Nxd4 Nc6 11. Bb2 Bd7 12. Nc2 a6 13. Nc3 Qa5 14. Ne3 Qh5 15.
Qd2 Ng4 16. Nxg4 Bxg4 17. Nd5 Qh6 18. Qxh6 Bxh6 19. Bf6 Rfe8 20. Bxe7 Rxe7 21.
Nf6+ Kf8 22. Nxg4 Bg7 23. Rae1 Bc3 24. Rc1 Bg7 25. Bf3 Nd4 26. Ne3 Bh6 27. Rc3
Rae8 28. Rd1 Nxf3+ 29. exf3 Bxe3 30. fxe3 Rxe3 31. Rxe3 Rxe3 32. Rxd6 Re2 33.
a4 b5 34. cxb5 axb5 35. axb5 Re5 36. Kf2 Rxb5 37. Rd3 Ke7 38. Ke3 h5 39. Kd4
Rb8 40. Kc3 Rc8+ 41. Kb2 Rb8 42. Rd4 Ke6 43. b4 Ke5 44. Re4+ Kd5 45. Kb3 Kd6
46. Rc4 f6 47. h4 f5 48. f4 Rb7 49. Ka4 Kd5 50. Rc5+ Kd6 51. Ra5 Rb6 52. Ra7
Kd5 53. Ka5 Re6 54. Ra6 1-0

[Event "49th Ilmar Raud Memorial"]
[Site "Viljandi"]
[Date "2015.07.01"]
[Round "4.3"]
[White "Shvyrjov, Igor"]
[Black "Kulaots, Kaido"]
[Result "1/2-1/2"]
[WhiteElo "2433"]
[BlackElo "2574"]
[PlyCount "63"]
[EventDate "2015.??.??"]
[EventCountry "EST"]

1. e4 c5 2. Nf3 d6 3. Bb5+ Nd7 4. O-O Ngf6 5. Re1 a6 6. Bxd7+ Nxd7 7. b3 g6 8.
d4 Bg7 9. Bb2 O-O 10. c4 b5 11. Qe2 bxc4 12. Qxc4 a5 13. Qc2 a4 14. bxa4 Qa5
15. dxc5 Bxb2 16. Qxb2 Nxc5 17. Qd4 Qxa4 18. Nc3 Qxd4 19. Nxd4 Bb7 20. f3 Rfc8
21. Reb1 Ra3 22. Ndb5 Ra5 23. Kf2 Kg7 24. Ke3 Bc6 25. Nd4 Ra3 26. Kd2 Bd7 27.
Nc2 Ra5 28. Nd4 h5 29. h4 Rca8 30. Nb3 Nxb3+ 31. Rxb3 R8a7 32. a4 1/2-1/2

[Event "49th Ilmar Raud Memorial"]
[Site "Viljandi"]
[Date "2015.07.01"]
[Round "4.4"]
[White "Ehlvest, Jaan"]
[Black "Blomqvist, Erik"]
[Result "0-1"]
[WhiteElo "2545"]
[BlackElo "2509"]
[PlyCount "56"]
[EventDate "2015.??.??"]
[EventCountry "EST"]

1. Nf3 d5 2. g3 Nf6 3. Bg2 Bf5 4. d3 e6 5. Nh4 Bg4 6. h3 Bh5 7. g4 Bg6 8. c4 c6
9. Qb3 Qc7 10. cxd5 cxd5 11. Nc3 Nc6 12. Bd2 Be7 13. Rc1 Rc8 14. a3 a6 15. Qd1
Qb8 16. Nxg6 hxg6 17. e3 Nd7 18. Ne2 b5 19. O-O Nde5 20. Nf4 g5 21. Nh5 g6 22.
Ng3 Nxd3 23. Bc3 Nxc1 24. Bxh8 Ne5 25. e4 d4 26. Qxd4 Ncd3 27. Rd1 f6 28. Rxd3
Rd8 0-1

[Event "49th Ilmar Raud Memorial"]
[Site "Viljandi"]
[Date "2015.07.01"]
[Round "4.5"]
[White "Meskovs, Nikita"]
[Black "Krupenski, Juri"]
[Result "1/2-1/2"]
[WhiteElo "2451"]
[BlackElo "2339"]
[PlyCount "117"]
[EventDate "2015.??.??"]
[EventCountry "EST"]

1. d4 Nf6 2. c4 e6 3. Nf3 Bb4+ 4. Bd2 Qe7 5. Qc2 Bxd2+ 6. Nbxd2 d6 7. e3 c5 8.
dxc5 dxc5 9. Bd3 Nc6 10. a3 b6 11. O-O Bb7 12. Ne4 Nd7 13. Rad1 f5 14. Ng3
O-O-O 15. Bxf5 exf5 16. Nxf5 Qf6 17. Rd6 Qf8 18. Rd2 Nde5 19. Rxd8+ Qxd8 20.
Nxe5 Nxe5 21. Rd1 Qc7 22. Nd6+ Kb8 23. Qf5 Ng6 24. Nxb7 Qxb7 25. Rd7 Qxg2+ 26.
Kxg2 Nh4+ 27. Kh3 Nxf5 28. e4 Nd4 29. Rxg7 Re8 30. Rxh7 Rxe4 31. Rf7 Ne6 32.
Kg3 Rxc4 33. h4 Rc1 34. f4 Rg1+ 35. Kf3 Nd4+ 36. Ke4 Rg8 37. Rh7 Re8+ 38. Kd5
Ne6 39. f5 Nc7+ 40. Kc6 Rf8 41. Rxc7 Rf6+ 42. Kd7 Rxf5 43. Rc8+ Kb7 44. Rh8 Rf2
45. b4 cxb4 46. axb4 Rb2 47. h5 Rxb4 48. h6 Rh4 49. Ke6 a5 50. Kf6 Kc6 51. Kg6
Kc5 52. h7 a4 53. Rc8+ Kb4 54. h8=Q Rxh8 55. Rxh8 a3 56. Kf5 a2 57. Ra8 Kb3 58.
Ke4 b5 59. Kd4 1/2-1/2

[Event "49th Ilmar Raud Memorial"]
[Site "Viljandi"]
[Date "2015.07.01"]
[Round "4.6"]
[White "Berzinsh, Roland"]
[Black "Smirnov, Artem"]
[Result "1/2-1/2"]
[WhiteElo "2402"]
[BlackElo "2448"]
[PlyCount "94"]
[EventDate "2015.??.??"]
[EventCountry "EST"]

1. Nf3 Nf6 2. c4 e6 3. Nc3 Bb4 4. Qc2 d6 5. a3 Bxc3 6. Qxc3 e5 7. b4 a5 8. Bb2
O-O 9. e3 axb4 10. axb4 Rxa1+ 11. Bxa1 c5 12. bxc5 Ne4 13. Qc2 Qa5 14. Bb2 Nxc5
15. Be2 Nc6 16. O-O Qa4 17. Qc3 Bf5 18. Ra1 Qc2 19. Qxc2 Bxc2 20. d4 exd4 21.
Nxd4 Bd3 22. Kf1 Ne5 23. Nb5 Nxc4 24. Bxd3 Nxd3 25. Bc3 h6 26. Rd1 Nde5 27. Ke2
Ra8 28. Nxd6 Ra2+ 29. Ke1 Rc2 30. Bxe5 Nxe5 31. Nxb7 Ng4 32. Rd8+ Kh7 33. Rd2
Rxd2 34. Kxd2 Nxf2 35. Nd6 Ng4 36. Nxf7 Kg6 37. h3 Nxe3 38. Nh8+ Kh7 39. Kxe3
Kxh8 40. Kf4 Kg8 41. Ke5 Kf7 42. Kf5 g6+ 43. Ke5 Ke7 44. g3 h5 45. g4 hxg4 46.
hxg4 Kf7 47. g5 Ke7 1/2-1/2

[Event "49th Ilmar Raud Memorial"]
[Site "Viljandi"]
[Date "2015.07.01"]
[Round "4.7"]
[White "Chukavin, Kirill"]
[Black "Sepp, Olav"]
[Result "0-1"]
[WhiteElo "2096"]
[BlackElo "2426"]
[PlyCount "112"]
[EventDate "2015.??.??"]
[EventCountry "EST"]

1. e4 e5 2. Nf3 Nc6 3. Bb5 a6 4. Ba4 Nf6 5. O-O Be7 6. Re1 b5 7. Bb3 d6 8. c3
O-O 9. d3 Na5 10. Bc2 c5 11. a4 b4 12. Nbd2 Rb8 13. Nf1 h6 14. Ne3 Qc7 15. c4
Re8 16. b3 Bf8 17. h3 Nc6 18. Nd5 Nxd5 19. cxd5 Ne7 20. Nh2 Ng6 21. Qf3 f5 22.
exf5 Ne7 23. f6 Nf5 24. d4 e4 25. Bxe4 Nxd4 26. Qd3 Bf5 27. Bb2 Rxe4 28. Rxe4
Nxb3 29. Rae1 Nd4 30. Bxd4 cxd4 31. Ng4 Bxe4 32. Qxe4 h5 33. fxg7 Bxg7 34. Qe6+
Qf7 35. Qxd6 Rf8 36. Re7 Qf5 37. Nh6+ Bxh6 38. Qxh6 Qxf2+ 39. Kh2 Qf4+ 40. Qxf4
Rxf4 41. d6 Kf8 42. Re5 Rf7 43. Rd5 Ke8 44. Rxd4 Rb7 45. Rd2 b3 46. Rb2 h4 47.
g3 hxg3+ 48. Kxg3 Kd7 49. Kf3 Kxd6 50. Ke3 Kc5 51. Kd2 Kb4 52. Kc1 Ka3 53. Rg2
Rf7 54. Rg1 Ka2 55. Rg2+ Ka1 56. Rg1 Rc7+ 0-1

[Event "49th Ilmar Raud Memorial"]
[Site "Viljandi"]
[Date "2015.07.01"]
[Round "4.8"]
[White "Seeman, Tarvo"]
[Black "Tominga, Eke"]
[Result "1-0"]
[WhiteElo "2414"]
[BlackElo "2036"]
[PlyCount "51"]
[EventDate "2015.??.??"]
[EventCountry "EST"]

1. Nf3 Nf6 2. g3 d5 3. Bg2 c6 4. b3 Bf5 5. Bb2 e6 6. O-O Nbd7 7. d3 h6 8. Nbd2
Bc5 9. a3 a5 10. e4 dxe4 11. dxe4 Bh7 12. Qe2 Qc7 13. b4 Be7 14. c4 e5 15. c5
O-O 16. Nh4 Rfe8 17. Nc4 axb4 18. axb4 Bf8 19. Rxa8 Rxa8 20. Ra1 Re8 21. Rd1 b6
22. Nd6 Re6 23. Bh3 Rxd6 24. cxd6 Bxd6 25. Bxd7 Qxd7 26. Bxe5 1-0

[Event "49th Ilmar Raud Memorial"]
[Site "Viljandi"]
[Date "2015.07.01"]
[Round "4.9"]
[White "Soot, Margus"]
[Black "Ladva, Ottomar"]
[Result "1/2-1/2"]
[WhiteElo "2101"]
[BlackElo "2411"]
[PlyCount "91"]
[EventDate "2015.??.??"]
[EventCountry "EST"]

1. e4 c5 2. Nc3 e6 3. Nf3 a6 4. a4 Nc6 5. Be2 Nf6 6. O-O Be7 7. d4 cxd4 8. Nxd4
d6 9. Be3 O-O 10. Nb3 b6 11. f3 Bb7 12. Qe1 Nb4 13. Qf2 Nd7 14. Rac1 d5 15.
exd5 Nxd5 16. Nxd5 Bxd5 17. Rfd1 Bc6 18. Nd4 Qc7 19. Nxc6 Qxc6 20. Bd3 Nc5 21.
b3 Rfd8 22. Bf1 a5 23. Bb5 Qc7 24. g3 h5 25. Kg2 Rac8 26. Rxd8+ Rxd8 27. c3 Qb7
28. Qc2 Qc7 29. b4 Nd7 30. Qf2 Qb7 31. Rd1 Nf6 32. Rxd8+ Bxd8 33. Qd2 Nd5 34.
Bf2 Bf6 35. bxa5 bxa5 36. c4 Nb4 37. Qd7 Qxd7 38. Bxd7 Bd8 39. f4 Nd3 40. Bd4
Be7 41. Kf3 Kf8 42. Ke3 Nc5 43. Bb5 f6 44. Bc3 Bd8 45. Bd4 Bb6 46. Bxc5+
1/2-1/2

[Event "49th Ilmar Raud Memorial"]
[Site "Viljandi"]
[Date "2015.07.01"]
[Round "4.10"]
[White "Haavamae, Henrik"]
[Black "Shishkov, Andrei"]
[Result "1-0"]
[WhiteElo "2055"]
[BlackElo "2387"]
[PlyCount "53"]
[EventDate "2015.??.??"]
[EventCountry "EST"]

1. e4 c5 2. Nf3 d6 3. d4 cxd4 4. Nxd4 Nf6 5. Nc3 a6 6. Bg5 e6 7. f4 Qb6 8. Qd2
Qxb2 9. Rb1 Qa3 10. e5 dxe5 11. fxe5 Nfd7 12. Ne4 Qxa2 13. Rd1 Qd5 14. Qe3 Bc5
15. Be2 Qxe5 16. Bf4 Bxd4 17. Rxd4 Qa5+ 18. Rd2 O-O 19. Qg3 f5 20. Ng5 Re8 21.
Bh5 g6 22. Nxh7 Qa1+ 23. Kf2 Qg7 24. Bxg6 e5 25. Bxe8 Kxh7 26. Rd6 Qxg3+ 27.
hxg3+ 1-0

[Event "49th Ilmar Raud Memorial"]
[Site "Viljandi"]
[Date "2015.07.01"]
[Round "4.11"]
[White "Vorobjov, Pavel"]
[Black "Dragun, Valentin"]
[Result "1-0"]
[WhiteElo "2201"]
[BlackElo "2099"]
[PlyCount "121"]
[EventDate "2015.??.??"]
[EventCountry "EST"]

1. Nf3 Nf6 2. g3 g6 3. c4 Bg7 4. d4 O-O 5. Bg2 d6 6. Nc3 Nbd7 7. O-O e5 8. e4
c6 9. h3 Qb6 10. d5 cxd5 11. cxd5 Nc5 12. Ne1 Bd7 13. Nd3 Rfc8 14. Be3 Qa6 15.
Bxc5 dxc5 16. f4 exf4 17. gxf4 c4 18. Ne5 Qd6 19. Nxd7 Nxd7 20. e5 Qb6+ 21. Kh1
Qxb2 22. Qf3 Qa3 23. Rae1 Nc5 24. d6 Rf8 25. Re3 Rab8 26. Ne4 Qb4 27. a3 Qa5
28. Rd1 Nxe4 29. Qxe4 Rbc8 30. d7 Rcd8 31. Qxc4 Qb6 32. Red3 Bh6 33. f5 gxf5
34. Rg3+ Kh8 35. Qc3 f6 36. Rgd3 fxe5 37. Qxe5+ Bg7 38. Qd5 Qa6 39. Re1 Bf6 40.
Re6 Qa4 41. Qd6 Qh4 42. Rf3 Bg7 43. Qc7 Qa4 44. Rd3 Qb5 45. Rd5 Qa4 46. Qd6 Qh4
47. Rd3 Qc4 48. Kh2 b6 49. Bc6 Rg8 50. Re8 Qh4 51. Rg3 Rf8 52. Rxg7 Rfxe8 53.
dxe8=Q+ Rxe8 54. Bxe8 Kxg7 55. Qg3+ Qxg3+ 56. Kxg3 Kf8 57. Bd7 Ke7 58. Bxf5 b5
59. Bxh7 a5 60. Bd3 b4 61. a4 1-0

[Event "49th Ilmar Raud Memorial"]
[Site "Viljandi"]
[Date "2015.07.01"]
[Round "4.12"]
[White "Lauk, Ular"]
[Black "Garanin, Aleksei"]
[Result "0-1"]
[WhiteElo "2383"]
[BlackElo "1902"]
[PlyCount "63"]
[EventDate "2015.??.??"]
[EventCountry "EST"]

1. e4 c5 2. Nf3 Nc6 3. d4 cxd4 4. Nxd4 e5 5. Nb5 a6 6. Nd6+ Bxd6 7. Qxd6 Qe7 8.
Qxe7+ Ngxe7 9. Nc3 d5 10. Bd2 Be6 11. exd5 Nxd5 12. O-O-O O-O 13. Nxd5 Bxd5 14.
Be3 Be6 15. Be2 Rac8 16. a3 f5 17. Rd6 Kf7 18. f4 e4 19. Rhd1 Ne7 20. Kb1 Rc6
21. Rxc6 Nxc6 22. b3 Ne7 23. c4 b5 24. Kc2 bxc4 25. bxc4 Rc8 26. Kb3 Nc6 27.
Ka4 Rb8 28. Rd6 Rb2 29. Rd2 Rb7 30. Bc5 Bd7 31. Bd1 Be8 32. Be3 0-1

[Event "49th Ilmar Raud Memorial"]
[Site "Viljandi"]
[Date "2015.07.01"]
[Round "4.14"]
[White "Viikmaa, Karmen"]
[Black "Soskov, Vjacheslav"]
[Result "0-1"]
[WhiteElo "1692"]
[BlackElo "2289"]
[PlyCount "94"]
[EventDate "2015.??.??"]
[EventCountry "EST"]

1. Nf3 c5 2. g3 Nc6 3. Bg2 g6 4. O-O Bg7 5. d3 e5 6. e4 Nge7 7. Nc3 O-O 8. Be3
d6 9. Qd2 Nd4 10. Ne2 Bg4 11. Nexd4 cxd4 12. Bh6 Rc8 13. Rfc1 Qd7 14. c3 dxc3
15. bxc3 Rc7 16. Bxg7 Kxg7 17. d4 f6 18. Ne1 Rfc8 19. Rc2 Qa4 20. Rac1 Nc6 21.
f3 Bd7 22. f4 h6 23. h3 Qa3 24. Nf3 Na5 25. fxe5 fxe5 26. dxe5 dxe5 27. Qd5
Qc5+ 28. Kh2 Nc4 29. Re2 Qe7 30. Rf2 Be6 31. Qd3 Qc5 32. Qe2 Rd8 33. Rcf1 a5
34. Nh4 Ne3 35. Rf6 Nxf1+ 36. Qxf1 Bf7 37. Rf3 Bc4 38. Qb1 b5 39. Nf5+ gxf5 40.
exf5 Rd6 41. Qe4 Rf6 42. Qg4+ Kh7 43. Qh4 Qd6 44. g4 Rg7 45. Rg3 Rg5 46. Re3
Bd5 47. Qe1 Bxg2 0-1

[Event "49th Ilmar Raud Memorial"]
[Site "Viljandi"]
[Date "2015.07.01"]
[Round "4.15"]
[White "Lumiste, Rene"]
[Black "Jezov, Roman"]
[Result "0-1"]
[WhiteElo "1889"]
[BlackElo "2258"]
[PlyCount "38"]
[EventDate "2015.??.??"]
[EventCountry "EST"]

1. e4 c5 2. Nf3 e6 3. d4 cxd4 4. Nxd4 a6 5. Nc3 Qc7 6. Bd3 Nf6 7. O-O b6 8. Kh1
Bb7 9. f4 d6 10. Qe1 Nbd7 11. Qg3 h5 12. Be3 Nc5 13. e5 h4 14. Qf2 h3 15. Nf3
Ng4 16. Qe1 hxg2+ 17. Kxg2 Nxh2 18. Rf2 Nxf3 19. Rxf3 Bxf3+ 0-1

[Event "49th Ilmar Raud Memorial"]
[Site "Viljandi"]
[Date "2015.07.01"]
[Round "4.16"]
[White "Narva, Mai"]
[Black "Narva, Regina"]
[Result "1-0"]
[WhiteElo "2252"]
[BlackElo "2007"]
[PlyCount "55"]
[EventDate "2015.??.??"]
[EventCountry "EST"]

1. e4 c5 2. Nf3 d6 3. Bb5+ Bd7 4. Bxd7+ Qxd7 5. c4 Nc6 6. d4 cxd4 7. Nxd4 Nf6
8. Nc3 g6 9. f3 Bg7 10. Be3 O-O 11. O-O Rac8 12. b3 a6 13. a4 Rfd8 14. Rc1 Ne5
15. Nde2 Qe8 16. Bb6 Rd7 17. Qd2 h5 18. Nd5 Nxd5 19. exd5 e6 20. Nc3 Kh7 21.
Rce1 Qh8 22. dxe6 fxe6 23. Ne4 Nf7 24. Kh1 Rc6 25. a5 Bh6 26. f4 e5 27. Qd5
exf4 28. Qe6 1-0

[Event "49th Ilmar Raud Memorial"]
[Site "Viljandi"]
[Date "2015.07.01"]
[Round "4.18"]
[White "Kanep, Siim"]
[Black "Ivanov, Platon-Jaan"]
[Result "1-0"]
[WhiteElo "2161"]
[BlackElo "1853"]
[PlyCount "63"]
[EventDate "2015.??.??"]
[EventCountry "EST"]

1. d4 Nf6 2. Nf3 e6 3. c4 c5 4. d5 exd5 5. cxd5 d6 6. Nc3 g6 7. h3 Bg7 8. Bf4
O-O 9. e3 a6 10. a4 Qc7 11. Nd2 Nfd7 12. Nc4 Ne5 13. Bxe5 dxe5 14. d6 Qd8 15.
Nd5 Nd7 16. a5 Rb8 17. Be2 Nf6 18. Nxf6+ Bxf6 19. Nb6 Bd7 20. O-O Bc6 21. Rc1
Re8 22. d7 Re7 23. Qd6 Re6 24. Qxc5 Be7 25. Qc3 Bxd7 26. Bc4 Rd6 27. Qxe5 Be6
28. Bxe6 Rxe6 29. Qc3 Qf8 30. Nd7 Bb4 31. Nxf8 Bxc3 32. Nxe6 1-0

[Event "49th Ilmar Raud Memorial"]
[Site "Viljandi"]
[Date "2015.07.01"]
[Round "4.19"]
[White "Vovk, Ilja"]
[Black "Tokar, Tanel"]
[Result "1-0"]
[WhiteElo "2283"]
[BlackElo "1673"]
[PlyCount "97"]
[EventDate "2015.??.??"]
[EventCountry "EST"]

1. f4 d5 2. Nf3 Nf6 3. g3 e6 4. Bg2 c5 5. O-O Be7 6. d3 O-O 7. Qe1 Qb6 8. Kh1
Nc6 9. e4 d4 10. Nbd2 Nb4 11. Qd1 Rb8 12. Nc4 Qc7 13. a3 Nc6 14. a4 Na5 15.
Nfe5 Nd7 16. Bd2 Nxc4 17. Nxc4 b6 18. e5 Bb7 19. Qe2 Bxg2+ 20. Qxg2 a6 21. b3
b5 22. axb5 axb5 23. Nb2 b4 24. Nc4 Nb6 25. Nxb6 Qxb6 26. Ra2 Qb7 27. Rfa1
Qxg2+ 28. Kxg2 Rb7 29. Kf3 g6 30. g4 Kg7 31. Ra7 Rfb8 32. Ke4 Bd8 33. Rxb7 Rxb7
34. Ra8 Bb6 35. f5 gxf5+ 36. gxf5 exf5+ 37. Kxf5 Re7 38. Bg5 Re6 39. Bf6+ Kh6
40. Rh8 Bc7 41. Rg8 Kh5 42. Rg3 Rxf6+ 43. Kxf6 Kh4 44. Rg7 h5 45. Rxf7 Bd8+ 46.
Kf5 Kh3 47. e6 Kxh2 48. e7 Bxe7 49. Rxe7 1-0

[Event "49th Ilmar Raud Memorial"]
[Site "Viljandi"]
[Date "2015.07.01"]
[Round "4.20"]
[White "Petrov, Dmitri"]
[Black "Tonso, Liina"]
[Result "1-0"]
[WhiteElo "2083"]
[BlackElo "1605"]
[PlyCount "55"]
[EventDate "2015.??.??"]
[EventCountry "EST"]

1. e4 c6 2. c4 d5 3. exd5 cxd5 4. cxd5 Qxd5 5. Nc3 Qa5 6. Bc4 e6 7. Nf3 Nf6 8.
O-O Nc6 9. d4 Be7 10. a3 O-O 11. Be3 a6 12. b4 Qd8 13. Qb3 b5 14. Be2 Bb7 15.
Rfd1 Qc7 16. Rac1 Rac8 17. Ng5 Rfd8 18. Bf3 Qb8 19. d5 exd5 20. Nxd5 Rf8 21.
Rxc6 Nxd5 22. Rxc8 Qxc8 23. Bxd5 Bxd5 24. Qxd5 h6 25. Nf3 Rd8 26. Qb3 Bf6 27.
Rxd8+ Qxd8 28. g3 1-0